000 00576nam a2200229Ia 4500
008 160418s9999 xx 000 0 und d
020 _a971-8845-11-9
050 _aFIL PL 5539
050 _b.J67 1984
100 _aJose, Francisco Sionil.
245 _aPo-on :
245 _ba novel /
245 _cFrancisco Sionil Jose.
260 _aManila :
260 _bSolidaridad Pub. House,
260 _c1984
300 _a231 pages :
300 _billustrations ;
300 _c22 cm.
650 _aPhilippine fiction (English).
650 _xNovel -- Philippines.
999 _c293588
_d293588